Score 0/16 Timer 02:00
1 Play Today
Children’s TV Show Missing Word % Correct
Dora the ________Explorer
97.5%
________ StreetSesame
95.5%
Curious ________George
95.2%
Clifford the Big Red ________Dog
94.5%
Bob the ________Builder
92.8%
Blue's ________Clues
88.9%
Barney and ________Friends
88.6%
________ Rogers' NeighborhoodMister
82%
Children’s TV Show Missing Word % Correct
The ________ School BusMagic
80.8%
Thomas the ________ Engine and FriendsTank
77.2%
Where in the World is ________ Sandiego?Carmen
74.8%
Yo Gabba ________Gabba
68.5%
The Big Comfy ________Couch
66.9%
________ RainbowReading
62.1%
Go, ________, Go!Diego
57.7%
________ KangarooCaptain
50%

Today's Daily Dose

Remove Ads.
Support Sporcle.
Get the best of Sporcle when you Go Orange. This ad-free experience offers more features, more stats, and more fun while also helping to support Sporcle. Thank you for becoming a member.

You're not logged in!

Compare scores with friends on all Sporcle quizzes.
OR
Log In

Show Comments

Extras

Top Quizzes Today


Score Distribution

Your Account Isn't Verified!

In order to create a playlist on Sporcle, you need to verify the email address you used during registration. Go to your Sporcle Settings to finish the process.

Report this User

Report this user for behavior that violates our Community Guidelines.

Details: